000 01089nam a2200253 a 4500
001 000043601
005 20201002044854.0
008 111024s19uu dr a 001 0 spa d
040 _aDO-SdBNP
_bspa
_cBNPHU
082 _a972.9302
_bL523c
100 1 _aLehmann, Henri
_960734
245 1 4 _aLas culturas precolombinas /
_cHenri Lehmann.
260 _aSanto Domingo :
_bFuturo,
_c[19--?].
300 _a135 p. ;
_c19 cm.
500 _aIncluye referencias bibliográficas y notas al pie de las páginas.
504 _aBibliografía: p.132-133.
505 0 _gIntroducción: Las culturas precolombinas --
_tEl área mezoaméricana --
_tEl área circuncaribe --
_tEl área andina --
_tIrradiación de las grandes culturas --
_tCulturas amazónicas --
_gConclusiones --
_gBibliografía.
590 _aInventariado, 2020/MF
650 4 _aCulturas indígenas
_91857
650 4 _aArte precolombino
_954172
650 4 _aIndígenas de república dominicana
_950273
651 4 _aRepública Dominicana
_xHistoria
_yÉPOCA PREHISPÁNICA, HASTA 1492
_954155
910 _aValidado. Control de calidad EMS
999 _c43090
_d43090